Who's the actor behind the character ? #2 - Statistiques

Statistiques générales
  • Ce quiz a été pris 33 fois
  • Le résultat moyen est 10 sur 20
Statistiques - réponses
Hint Réponse % Correct
Ellen Ripley Sigourney Weaver
81%
Ethan Hunt Tom Cruise
67%
Norman Bates Anthony Perkins
63%
Rey Daisy Ridley
56%
Mathilda Natalie Portman
56%
Clarice Starling Jodie Foster
52%
Shosanna Dreyfus Mélanie Laurent
52%
Mia Wallace Uma Thurman
52%
Norman Osborn Willem Dafoe
52%
Tommy DeVito Joe Pesci
48%
Selina Kyle Michelle Pfeiffer
48%
Marge Gunderson Frances McDormand
44%
Peeta Mellark Josh Hutcherson
44%
Lester Burnham Kevin Spacey
44%
Daniel LaRusso Ralph Macchio
44%
Pennywise Bill Skarsgård
41%
Arthur Fleck Joaquin Phoenix
37%
Shrek Mike Myers
37%
Hannibal Lecter Gaspard Ulliel
30%
Ellis “Red” Redding Morgan Freeman
30%
Aucun quiz correspondant
Distribution des résultats
% des personnes avec chaque résultat
Percentile par nombre de réponses
Votre historique - résultats
Vous n’avez pas pris ce quiz